|
|
|
|
| LEADER |
00589nam a22001817a 4500 |
| 008 |
161028b xxu||||| |||| 00| 0 mal d |
| 020 |
|
|
|c INR
|
| 082 |
|
|
|a 780
|
| 100 |
|
|
|a Venkatasubramanyayyar, S.
|
| 245 |
|
|
|a Sangeetha sasthraprevesika /
|c S.Venkatasubramanyayyar
|
| 250 |
|
|
|a 5th ed.
|
| 260 |
|
|
|a TVM :
|b Kerala Bhasha Institute,
|c 1996.
|
| 300 |
|
|
|a 356 p. ;
|
| 650 |
|
|
|a Music
|
| 942 |
|
|
|c BK
|
| 546 |
|
|
|a Malayalam
|
| 999 |
|
|
|c 286476
|d 286476
|
| 952 |
|
|
|0 0
|1 0
|4 0
|6 780_000000000000000_VEN_S
|7 0
|9 325218
|a FLK
|b FLK
|c ST1
|d 2016-10-28
|e BK
|g 75.00
|i 982
|l 0
|o 780 VEN/S
|p FLK982
|r 2016-10-28
|w 2016-10-28
|y BK
|